Học phí trả bằng máu

Sparad:
Bibliografiska uppgifter
Huvudupphovsman: Nguyễn, Khắc Phục
Materialtyp: Bok
Språk:Undetermined
Publicerad: Hà Nội Công an nhân dân 2005
Ämnen:
Taggar: Lägg till en tagg
Inga taggar, Lägg till första taggen!
Thư viện lưu trữ: Trung tâm Học liệu Trường Đại học Cần Thơ
LEADER 00566nam a2200205Ia 4500
001 CTU_104036
008 210402s9999 xx 000 0 und d
020 |c 80000 
082 |a 895.922334 
082 |b Ph506 
100 |a Nguyễn, Khắc Phục 
245 0 |a Học phí trả bằng máu 
245 0 |c Nguyễn Khắc Phục 
260 |a Hà Nội 
260 |b Công an nhân dân 
260 |c 2005 
650 |a Vietnamese fiction 
650 |z 20th century 
904 |i Minh 
980 |a Trung tâm Học liệu Trường Đại học Cần Thơ